000 00368pam a2200157 a 4500
020 _c
041 _h
082 _a5.4370000000000003
_bFUL
100 _aFuller, S.M.
245 _aLearn Windows 95 In A Day
_hTextual Documents
250 _a1st ed
260 _aNew Delhi
_bBpb Publications
_c1996
300 _aVII/134/PB
700 _aPagan, K.
930 _a1196
999 _c108029
_d108029